[Event "European Blitz 2015"]
[Site "Minsk BLR"]
[Date "2015.12.18"]
[Round "12.49"]
[White "Molchanova, Tatjana"]
[Black "Triapishko, Olexandr"]
[Result "0-1"]
[WhiteTitle "WGM"]
[WhiteElo "2245"]
[BlackElo "2471"]
[WhiteFideId "4132203"]
[BlackFideId "14122286"]
[EventDate "2015.12.18"]
[EventType "swiss (blitz)"]

1. e4 c5 2. d3 Nc6 3. Nd2 g6 4. g3 Bg7 5. Bg2 e6 6. Ngf3 Nge7 7. O-O d6 8. c3
O-O 9. a4 Rb8 10. Nc4 d5 11. exd5 exd5 12. Ne3 h6 13. d4 b6 14. Re1 Be6 15. h3
Qd7 16. Kh2 cxd4 17. Nxd4 Nxd4 18. cxd4 Nc6 19. Nc2 Bf5 20. Be3 Rbc8 21. Rc1 h5
22. Qd2 Na5 23. Na1 Nc4 24. Qe2 Rfe8 25. b3 Nxe3 26. fxe3 Rxc1 27. Rxc1 Bxd4 28.
Rd1 Bxa1 29. Rxa1 d4 30. e4 d3 31. Qb2 Bxe4 32. Bf1 Qd6 33. Rd1 h4 34. Qf2 Bf5
35. Rd2 hxg3+ 36. Qxg3 Qxg3+ 37. Kxg3 Re1 38. Kf2 Rb1 39. Bxd3 Rxb3 40. Bxf5
gxf5 41. Rd5 Rxh3 42. a5 f4 43. axb6 axb6 44. Rb5 Rh6 45. Kf3 Rf6 46. Kg4 f3 47.
Rb1 f2 48. Rf1 b5 49. Kg5 Kg7 50. Kg4 b4 51. Kg3 b3 52. Kg2 b2 0-1

[Event "European Blitz 2015"]
[Site "Minsk BLR"]
[Date "2015.12.18"]
[Round "13.1"]
[White "Riazantsev, Alexander"]
[Black "Grachev, Boris"]
[Result "1/2-1/2"]
[WhiteTitle "GM"]
[BlackTitle "GM"]
[WhiteElo "2646"]
[BlackElo "2652"]
[WhiteFideId "4125029"]
[BlackFideId "4129199"]
[EventDate "2015.12.18"]
[EventType "swiss (blitz)"]

1. d4 d5 2. c4 e6 3. Nc3 Nf6 4. Bg5 Be7 5. e3 Nbd7 6. Nf3 h6 7. Bh4 O-O 8. Bd3
dxc4 9. Bxc4 a6 10. a4 b6 11. O-O Bb7 12. Qe2 Ne4 13. Bxe7 Nxc3 14. bxc3 Qxe7
15. e4 c5 16. Rab1 cxd4 17. cxd4 Rfc8 18. Bd3 Qd6 19. Rb3 Rc7 20. h3 Qf4 21. Qe3
Qxe3 22. fxe3 Rac8 23. Nd2 Rc3 24. Rfb1 R3c7 25. Kf2 Kf8 26. Rb4 Ke7 27. Nc4
Bxe4 28. Bxe4 Rxc4 29. Bd3 Rxb4 30. Rxb4 a5 31. Rb3 Rc1 32. Kf3 Ra1 33. Bb5 g6
34. Bxd7 Kxd7 35. Rxb6 Rxa4 36. Rb7+ Ke8 37. Ke4 Kf8 38. Ra7 Ra3 39. g4 g5 40.
Ra8+ Kg7 41. Ra7 Kf6 42. Kf3 Ra1 43. e4 Ra3+ 44. Kg2 a4 45. e5+ Kg7 46. Ra8 Ra2+
47. Kg3 Ra3+ 48. Kg2 Kg6 49. Ra6 Ra2+ 50. Kg3 Kh7 51. Ra7 Kg8 52. Ra8+ Kg7 53.
Ra7 Ra1 54. d5 exd5 55. e6 Rf1 56. exf7 Rxf7 57. Rxa4 Rf6 58. Ra7+ Rf7 59. Ra5
Rd7 60. Kf3 d4 61. Ke2 Re7+ 62. Kf2 Re3 63. Rd5 Rd3 64. Ke2 Re3+ 65. Kf2 Re4 66.
Rd6 Rf4+ 67. Kg3 Kh7 68. h4 Re4 69. h5 Re3+ 70. Kf2 Rd3 71. Rd7+ Kg8 72. Rd6 Kg7
73. Rd7+ Kf6 74. Rd6+ Ke5 75. Rxh6 Kf4 76. Rd6 Kxg4 77. h6 Rh3 78. Rxd4+ 1/2-1/2

[Event "European Blitz 2015"]
[Site "Minsk BLR"]
[Date "2015.12.18"]
[Round "13.3"]
[White "Petrosian, Tigran L."]
[Black "Zhigalko, Sergei"]
[Result "0-1"]
[WhiteTitle "GM"]
[BlackTitle "GM"]
[WhiteElo "2625"]
[BlackElo "2655"]
[WhiteFideId "13301616"]
[BlackFideId "13502956"]
[EventDate "2015.12.18"]
[EventType "swiss (blitz)"]

1. Nf3 d5 2. g3 c6 3. Bg2 Bg4 4. h3 Bxf3 5. Bxf3 e5 6. c4 dxc4 7. Qc2 Qd4 8. O-O
Nf6 9. Nc3 Na6 10. b3 cxb3 11. Qxb3 Nc5 12. Qc2 Be7 13. Rb1 Qd7 14. Bg2 O-O 15.
Rd1 Rfd8 16. Bb2 h6 17. Ba1 Rac8 18. d3 b5 19. Rbc1 a5 20. Nb1 Qe6 21. Nd2 a4
22. Bc3 Nd5 23. Ba5 Re8 24. Ne4 Nxe4 25. Bxe4 Qxh3 26. d4 Qh5 27. Bf3 Qg5 28. e4
Nf6 29. dxe5 Qxe5 30. Bc3 Qe6 31. e5 Nd5 32. Ba1 Ba3 33. Rb1 Bf8 34. Be4 Ne7 35.
f4 Qg4 36. Kg2 Red8 37. Bf3 Qf5 38. Be4 Qg4 39. Bf3 Qe6 40. Be4 g6 41. Rd2 h5
42. Rbd1 Rxd2+ 43. Rxd2 Nf5 44. Qc3 Be7 45. Bf3 b4 46. Qc2 Ne3+ 0-1

[Event "European Blitz 2015"]
[Site "Minsk BLR"]
[Date "2015.12.18"]
[Round "13.4"]
[White "Bortnyk, Mykola"]
[Black "Navara, David"]
[Result "1-0"]
[WhiteTitle "IM"]
[BlackTitle "GM"]
[WhiteElo "2416"]
[BlackElo "2730"]
[WhiteFideId "14120836"]
[BlackFideId "309095"]
[EventDate "2015.12.18"]
[EventType "swiss (blitz)"]

1. e4 c6 2. Nc3 d5 3. Nf3 dxe4 4. Nxe4 Bg4 5. Bc4 e6 6. h3 Bh5 7. Ng3 Bg6 8. d3
Nd7 9. Bf4 Ngf6 10. Qd2 Nd5 11. O-O Nxf4 12. Qxf4 Be7 13. Rfe1 O-O 14. Rad1 Bf6
15. c3 Nb6 16. Ne5 Rc8 17. Nxg6 hxg6 18. Bb3 Nd5 19. Qf3 Qc7 20. Ne4 Be7 21. d4
b5 22. Re2 a5 23. a4 bxa4 24. Bxa4 Rb8 25. Rc1 Rfc8 26. c4 Nb6 27. Bd1 Rd8 28.
Qc3 Rd7 29. Nc5 Bxc5 30. dxc5 Nc8 31. Ra1 Ne7 32. Bc2 Rb4 33. Be4 Nf5 34. Bxf5
gxf5 35. g3 Qd8 36. Re3 Qb8 37. b3 f4 38. gxf4 Qxf4 39. Rxa5 Rd1+ 40. Kg2 Rb8
41. Ra7 Rbd8 42. Qe5 Qh6 43. Rg3 R1d2 44. Qe3 Qf6 45. Qf3 Qxf3+ 1-0

[Event "European Blitz 2015"]
[Site "Minsk BLR"]
[Date "2015.12.18"]
[Round "13.6"]
[White "Melkumyan, Hrant"]
[Black "Belous, Vladimir"]
[Result "1-0"]
[WhiteTitle "GM"]
[BlackTitle "GM"]
[WhiteElo "2654"]
[BlackElo "2557"]
[WhiteFideId "13302485"]
[BlackFideId "4174003"]
[EventDate "2015.12.18"]
[EventType "swiss (blitz)"]

1. d4 Nf6 2. Nf3 g6 3. Bg5 Bg7 4. Nbd2 O-O 5. e4 d6 6. c3 Nbd7 7. Bd3 e5 8. O-O
h6 9. Bh4 Qe8 10. Re1 Nh5 11. Bg3 Nxg3 12. hxg3 Nb6 13. dxe5 dxe5 14. Nc4 Bg4
15. Qb3 Be6 16. Bf1 Qc6 17. Ncxe5 Qd6 18. Qb5 c6 19. Qa5 Rfd8 20. Be2 c5 21.
Red1 Qc7 22. Nd3 Rac8 23. Nf4 Bg4 24. Rxd8+ Rxd8 25. Rd1 Rxd1+ 26. Bxd1 g5 27.
Nd3 Qd6 28. Be2 c4 29. Nb4 Qe6 30. Qxa7 Qxe4 31. Bf1 Nd7 32. Qa5 Bxf3 33. gxf3
Qe6 34. Qd8+ Bf8 35. Bxc4 Qxc4 36. Qxd7 Bxb4 37. cxb4 Qxb4 38. Qc8+ Kh7 39. Qc2+
Kg8 40. a3 Qd4 41. Qc8+ Kg7 42. Qxb7 h5 43. Qb4 Qd1+ 44. Kg2 g4 45. Qc3+ Kg6 46.
Qc6+ Kg7 47. fxg4 Qxg4 48. Qf3 Qg5 49. b4 Qe5 50. a4 h4 51. gxh4 f5 52. Qg3+ 1-0

[Event "European Blitz 2015"]
[Site "Minsk BLR"]
[Date "2015.12.18"]
[Round "13.7"]
[White "Popov, Valerij"]
[Black "Bortnyk, Olexandr"]
[Result "0-1"]
[WhiteTitle "GM"]
[BlackTitle "GM"]
[WhiteElo "2528"]
[BlackElo "2552"]
[WhiteFideId "4119410"]
[BlackFideId "14120828"]
[EventDate "2015.12.18"]
[EventType "swiss (blitz)"]

1. d4 d6 2. e4 Nf6 3. f3 g6 4. c4 Bg7 5. Be3 O-O 6. Qd2 e5 7. Ne2 exd4 8. Nxd4
Re8 9. Nc3 Nc6 10. Be2 Nd7 11. O-O Nde5 12. Rfd1 Nxd4 13. Bxd4 Be6 14. b3 a6 15.
Rac1 c5 16. Be3 Nc6 17. Bf1 f5 18. Qxd6 Bd4 0-1

[Event "European Blitz 2015"]
[Site "Minsk BLR"]
[Date "2015.12.18"]
[Round "13.8"]
[White "Rozum, Ivan"]
[Black "Alekseev, Evgeny"]
[Result "0-1"]
[WhiteTitle "GM"]
[BlackTitle "GM"]
[WhiteElo "2559"]
[BlackElo "2642"]
[WhiteFideId "24104272"]
[BlackFideId "4138147"]
[EventDate "2015.12.18"]
[EventType "swiss (blitz)"]

1. Nf3 c5 2. c4 Nc6 3. Nc3 Nf6 4. e3 e6 5. d4 d5 6. cxd5 exd5 7. Bb5 Bd6 8. dxc5
Bxc5 9. O-O O-O 10. b3 Bg4 11. Bxc6 bxc6 12. Bb2 Bb6 13. Ne2 Re8 14. Ng3 Rc8 15.
Qd3 Bxf3 16. gxf3 Nd7 17. f4 Nf8 18. Kh1 c5 19. Rad1 d4 20. exd4 cxd4 21. Qf3
Rc2 22. Ba1 Rxa2 23. Nf5 Ne6 24. Rg1 Qf6 25. Nd6 Rd8 26. Nc4 Bc5 27. f5 Ng5 28.
Qg4 h6 29. f4 Ne4 30. Rdf1 Nf2+ 31. Rxf2 Rxf2 32. Ne5 Kh7 33. Nf3 Rd5 34. Ng5+
hxg5 35. fxg5 Qxf5 36. Qh4+ Kg6 0-1

[Event "European Blitz 2015"]
[Site "Minsk BLR"]
[Date "2015.12.18"]
[Round "13.9"]
[White "Roiz, Michael"]
[Black "Kovalenko, Igor"]
[Result "1/2-1/2"]
[WhiteTitle "GM"]
[BlackTitle "GM"]
[WhiteElo "2594"]
[BlackElo "2680"]
[WhiteFideId "2804158"]
[BlackFideId "14117908"]
[EventDate "2015.12.18"]
[EventType "swiss (blitz)"]

1. Nf3 Nf6 2. c4 e6 3. Nc3 d5 4. d4 Nbd7 5. Bf4 dxc4 6. e3 b5 7. Nxb5 Bb4+ 8.
Nc3 Nb6 9. Bxc4 O-O 10. Bd3 Nbd5 11. O-O Nxf4 12. exf4 Bb7 13. Rc1 Rb8 14. b3
Bxc3 15. Rxc3 Nd5 16. Rc5 Nxf4 17. Bb1 g6 18. Re1 Qd6 19. Be4 Rfd8 20. Bxb7 Rxb7
21. Qc2 Nd5 22. Rc1 Qf4 23. Qe2 Rb4 24. Qe5 Rb6 25. Qxf4 Nxf4 26. R1c2 Nd5 27.
g3 f6 28. Ra5 a6 29. Nd2 Kg7 30. Ne4 h5 31. Nc5 Rdd6 32. Nxe6+ Kf7 33. Nxc7 Nb4
34. Rc4 Nc6 35. Rd5 Ne7 36. Rxd6 Rxd6 37. d5 a5 38. Rc5 Rd7 39. d6 Rxd6 40. Rxa5
Nc6 41. Rc5 Rd1+ 42. Kg2 Nb4 43. Nb5 Nxa2 44. Rc7+ Ke6 45. Rc6+ Ke7 46. Nc3 Nxc3
47. Rxc3 Rb1 48. h4 Rb2 49. Kf3 Ke6 50. Ke3 Kf5 51. Rc5+ Kg4 52. Rc4+ Kf5 53.
Rb4 g5 54. Rb5+ Kg6 55. Kf3 Rb1 56. Rb8 Rb2 57. hxg5 fxg5 58. Rb6+ Kf5 59. Rb5+
Kf6 60. Ke3 Kg6 61. f4 gxf4+ 62. Kxf4 Rf2+ 63. Ke4 Rg2 64. Kf3 Rb2 65. b4 Rb1
66. Rb8 Kf5 67. Rb5+ Kg6 68. Kf4 Rf1+ 69. Ke4 Rg1 70. Rb8 Re1+ 71. Kd4 Rd1+ 72.
Kc5 Rc1+ 73. Kb6 Kg7 74. Rd8 Rc3 75. b5 Rxg3 76. Rd4 Rg4 77. Rd3 1/2-1/2

[Event "European Blitz 2015"]
[Site "Minsk BLR"]
[Date "2015.12.18"]
[Round "13.10"]
[White "Jobava, Baadur"]
[Black "Inarkiev, Ernesto"]
[Result "0-1"]
[WhiteTitle "GM"]
[BlackTitle "GM"]
[WhiteElo "2673"]
[BlackElo "2668"]
[WhiteFideId "13601520"]
[BlackFideId "4162722"]
[EventDate "2015.12.18"]
[EventType "swiss (blitz)"]

1. e4 e5 2. Nf3 Nc6 3. c3 d5 4. d3 Nf6 5. Nbd2 Be7 6. Be2 O-O 7. O-O Re8 8. b4
Bd6 9. Re1 Ne7 10. Bf1 c6 11. a4 Ng6 12. g3 a5 13. b5 h6 14. Rb1 Bd7 15. c4 dxe4
16. dxe4 Bg4 17. h3 Bxf3 18. Qxf3 Nf8 19. Nb3 Ne6 20. h4 Nd7 21. Bh3 Ndc5 22.
Bxe6 Rxe6 23. Rd1 Qe7 24. Bd2 Rf6 25. Qe2 Nxa4 26. bxc6 bxc6 27. Ra1 Nc5 28.
Nxa5 Qc7 29. Kg2 Kh7 30. Bb4 Rb8 31. Be1 Ne6 32. Bc3 Bc5 33. Rab1 Rxb1 34. Rxb1
Rxf2+ 0-1

[Event "European Blitz 2015"]
[Site "Minsk BLR"]
[Date "2015.12.18"]
[Round "13.11"]
[White "Ponkratov, Pavel"]
[Black "Rakhmanov, Aleksandr"]
[Result "1/2-1/2"]
[WhiteTitle "GM"]
[BlackTitle "GM"]
[WhiteElo "2604"]
[BlackElo "2640"]
[WhiteFideId "4157800"]
[BlackFideId "4173708"]
[EventDate "2015.12.18"]
[EventType "swiss (blitz)"]

1. e4 c5 2. Nf3 Nf6 3. Nc3 d5 4. exd5 Nxd5 5. Bb5+ Bd7 6. Ne5 e6 7. Qh5 g6 8.
Qf3 Qf6 9. Nxd7 Nxd7 10. Qe4 Qf4 11. Qxf4 Nxf4 12. O-O a6 13. Bxd7+ Kxd7 14. d4
Nd5 15. Nxd5 exd5 16. dxc5 Bxc5 17. Rd1 Kc6 18. Kf1 Rhe8 19. Rd3 Re4 20. f3 Rd4
21. Rxd4 Bxd4 22. c3 Be5 23. h3 d4 24. Bd2 dxc3 25. Bxc3 Bxc3 26. Rc1 Re8 27.
Rxc3+ Kd6 28. Kf2 Ke5 1/2-1/2

[Event "European Blitz 2015"]
[Site "Minsk BLR"]
[Date "2015.12.18"]
[Round "13.12"]
[White "Zubov, Alexander"]
[Black "Huzman, Alexander"]
[Result "1-0"]
[WhiteTitle "GM"]
[BlackTitle "GM"]
[WhiteElo "2601"]
[BlackElo "2581"]
[WhiteFideId "14109409"]
[BlackFideId "2803828"]
[EventDate "2015.12.18"]
[EventType "swiss (blitz)"]

1. d4 Nf6 2. c4 e6 3. Nf3 d5 4. e3 Be7 5. b3 O-O 6. Bd3 c5 7. O-O cxd4 8. exd4
Nc6 9. Bb2 b6 10. Nbd2 Bb7 11. Rc1 Rc8 12. Qe2 Re8 13. Rfd1 Bf8 14. Nf1 g6 15.
Ne3 Bh6 16. Bb1 Ba6 17. Ne5 Na5 18. Qf3 Qe7 19. c5 Nd7 20. Nxd7 Qxd7 21. Ng4 Bg7
22. Nf6+ Bxf6 23. Qxf6 Qe7 24. Qf4 Nc6 25. h4 bxc5 26. dxc5 e5 27. Qa4 Bb7 28.
Rxd5 Qxh4 29. Qxh4 1-0

[Event "European Blitz 2015"]
[Site "Minsk BLR"]
[Date "2015.12.18"]
[Round "13.13"]
[White "Razin, Vadim"]
[Black "Bocharov, Dmitry"]
[Result "0-1"]
[BlackTitle "GM"]
[WhiteElo "2345"]
[BlackElo "2558"]
[WhiteFideId "14119463"]
[BlackFideId "4138716"]
[EventDate "2015.12.18"]
[EventType "swiss (blitz)"]

1. d4 Nf6 2. Nf3 e6 3. c4 b6 4. a3 Ba6 5. Qc2 Bb7 6. Nc3 c5 7. e4 cxd4 8. Nxd4
d6 9. Be2 Be7 10. O-O O-O 11. Be3 Nbd7 12. Rad1 a6 13. f4 Qc7 14. Kh1 Rac8 15.
f5 e5 16. Nb3 b5 17. Nd2 bxc4 18. Nxc4 Nc5 19. Nd5 Nxd5 20. exd5 Qd8 21. b4 Nd7
22. Qb3 Nf6 23. Na5 Qd7 24. g4 h6 25. Kg1 Ba8 26. Bxa6 Nxg4 27. Bxc8 Rxc8 28.
Rc1 Rxc1 29. Bxc1 Bd8 30. Qc4 Nf6 31. Nc6 Bb6+ 32. Kg2 Nxd5 33. b5 Ne7 34. Rd1
Nxc6 35. bxc6 Bxc6+ 36. Kg3 d5 37. Qg4 Qd6 38. Rf1 e4+ 39. Kh3 e3 40. Qe2 d4 41.
Rd1 Qd5 42. Bb2 Qxf5+ 43. Qg4 Bg2+ 44. Kh4 Bd8+ 45. Kg3 Bc7+ 46. Kh4 g5+ 0-1

[Event "European Blitz 2015"]
[Site "Minsk BLR"]
[Date "2015.12.18"]
[Round "13.14"]
[White "Sharafiev, Azat"]
[Black "Movsesian, Sergei"]
[Result "0-1"]
[WhiteTitle "IM"]
[BlackTitle "GM"]
[WhiteElo "2420"]
[BlackElo "2659"]
[WhiteFideId "4186214"]
[BlackFideId "310204"]
[EventDate "2015.12.18"]
[EventType "swiss (blitz)"]

1. d4 Nf6 2. Nf3 d6 3. Nc3 Nbd7 4. e4 e5 5. Bc4 Be7 6. O-O O-O 7. a4 a6 8. Re1
b6 9. b3 Bb7 10. Bb2 c6 11. Bf1 Qc7 12. Qd2 Rad8 13. Rad1 Rfe8 14. Qc1 Bf8 15.
Ba3 b5 16. dxe5 dxe5 17. Bxf8 Nxf8 18. Rxd8 Rxd8 19. Rd1 Rxd1 20. Qxd1 b4 21.
Na2 c5 22. Bd3 a5 23. Nd2 Ne6 24. f3 h5 25. Nc1 h4 26. Qe1 g5 27. Bf1 Nd4 28.
Qd1 g4 29. fxg4 Nxe4 30. Nxe4 Bxe4 31. Bd3 Qc6 32. Qd2 h3 33. Qg5+ Bg6 34. Bxg6
Qxg2# 0-1

[Event "European Blitz 2015"]
[Site "Minsk BLR"]
[Date "2015.12.18"]
[Round "13.15"]
[White "Johannessen, Leif Erlend"]
[Black "Ragger, Markus"]
[Result "1-0"]
[WhiteTitle "GM"]
[BlackTitle "GM"]
[WhiteElo "2487"]
[BlackElo "2687"]
[WhiteFideId "1501674"]
[BlackFideId "1610856"]
[EventDate "2015.12.18"]
[EventType "swiss (blitz)"]

1. d4 d5 2. c4 c6 3. Nf3 Nf6 4. Nc3 dxc4 5. a4 Bf5 6. e3 e6 7. Bxc4 Bb4 8. O-O
Nbd7 9. Nh4 O-O 10. h3 a5 11. Nxf5 exf5 12. Qf3 g6 13. g4 fxg4 14. hxg4 c5 15.
Rd1 h5 16. gxh5 Nxh5 17. Qg4 Kg7 18. dxc5 Ne5 19. Rxd8 Nxg4 20. Rxa8 Rxa8 21.
Be2 Nhf6 22. Bd2 Rc8 23. Be1 Rxc5 24. Rd1 Ne5 25. Kg2 Nc4 26. Bxc4 Rxc4 27. Kf3
g5 28. Ke2 Kg6 29. Rd8 g4 30. Rb8 Rc7 31. Bd2 Rd7 32. Rc8 Kf5 33. Rc4 b6 34. Bc1
Bxc3 35. Rxc3 Ne4 36. Rc6 Rd6 37. Rc7 Nc5 38. Rxf7+ Kg5 39. e4+ Kg6 40. Rf4 Kh5
41. Be3 Rc6 42. e5 Ne6 43. Rf6 g3 44. f3 Nf4+ 45. Bxf4 g2 46. Rxc6 g1=N+ 47. Kf1
Nxf3 48. Kf2 Nd4 49. Rxb6 Kg4 50. Be3 Nf5 51. Bc5 Kf4 52. e6 1-0

[Event "European Blitz 2015"]
[Site "Minsk BLR"]
[Date "2015.12.18"]
[Round "13.16"]
[White "Sychev, Klementy"]
[Black "Guseinov, Gadir"]
[Result "1/2-1/2"]
[WhiteTitle "IM"]
[BlackTitle "GM"]
[WhiteElo "2415"]
[BlackElo "2646"]
[WhiteFideId "4114060"]
[BlackFideId "13401378"]
[EventDate "2015.12.18"]
[EventType "swiss (blitz)"]

1. d4 Nf6 2. c4 g6 3. Nc3 Bg7 4. e4 d6 5. Nf3 O-O 6. Be2 Bg4 7. Be3 Nfd7 8. Ng1
Bxe2 9. Ngxe2 c5 10. O-O cxd4 11. Nxd4 Nc6 12. b3 Re8 13. Rc1 a6 14. Qd2 Qa5 15.
Rfd1 Rac8 16. f3 Nxd4 17. Bxd4 Bxd4+ 18. Qxd4 Qc5 19. Qxc5 Rxc5 20. Nd5 Kf8 21.
Nf4 Ne5 22. Nd5 Rec8 23. Nb6 R8c6 24. Na4 Ra5 25. Nc3 g5 26. Kf2 e6 27. Ke2 Ke7
28. Rd2 Rc8 29. Rdc2 Rac5 30. Na4 R5c6 31. Rc3 h5 32. c5 Rd8 33. Rd1 Ng6 34.
cxd6+ Rcxd6 35. Rxd6 Rxd6 36. g3 Ne5 37. Rc7+ Kf6 38. Rxb7 g4 39. f4 Nf3 40. e5+
Nxe5 41. fxe5+ Kxe5 42. Rb6 Rd7 43. Rxa6 Rc7 44. Kd2 Ke4 45. Ra5 f5 46. Rc5 Rd7+
47. Ke2 e5 48. Rc4+ Kd5 49. Nc3+ 1/2-1/2

[Event "European Blitz 2015"]
[Site "Minsk BLR"]
[Date "2015.12.18"]
[Round "13.17"]
[White "Demidov, Mikhail"]
[Black "Shtembuliak, Evgeny"]
[Result "0-1"]
[WhiteTitle "IM"]
[BlackTitle "FM"]
[WhiteElo "2485"]
[BlackElo "2420"]
[WhiteFideId "4197143"]
[BlackFideId "14113325"]
[EventDate "2015.12.18"]
[EventType "swiss (blitz)"]

1. d4 Nf6 2. Bg5 e6 3. e4 h6 4. Bxf6 Qxf6 5. c3 d6 6. Bd3 g5 7. Ne2 Nc6 8. O-O
Bd7 9. Nd2 Bg7 10. b4 e5 11. b5 Ne7 12. dxe5 Qxe5 13. Nc4 Qc5 14. a4 O-O 15. Ne3
f5 16. exf5 Nxf5 17. Bxf5 Bxf5 18. Qd5+ Qxd5 19. Nxd5 Rf7 20. Rfe1 Be6 21. Ne3
Raf8 22. f3 Be5 23. Nd4 Bc8 24. Rad1 h5 25. Nc4 Bf6 26. a5 b6 27. a6 Bd7 28. Nc6
Bxc6 29. bxc6 Bxc3 30. Re6 Bb4 31. Rd5 g4 32. Rg6+ Rg7 33. Rxg7+ Kxg7 34. Rxh5
Bc5+ 35. Kf1 gxf3 36. Rg5+ Kh6 37. Rg4 f2 38. Re4 d5 39. Re6+ Kg5 40. Nd2 Rf4
41. g3 Ra4 42. Re5+ Kf6 43. Rxd5 Ra1+ 44. Kg2 Rg1+ 45. Kh3 f1=Q+ 46. Nxf1 Rxf1
47. Rd8 b5 48. Rc8 Bd6 49. Ra8 Rc1 50. Rxa7 Rxc6 51. Rb7 Rxa6 52. Rxb5 c5 53.
Kg4 Rc6 54. Kf3 Ke5 55. Ke2 Kd4 56. Kd2 c4 57. Kc2 Ra6 58. Rb7 Ra2+ 59. Rb2
Rxb2+ 60. Kxb2 Kd3 0-1

[Event "European Blitz 2015"]
[Site "Minsk BLR"]
[Date "2015.12.18"]
[Round "13.18"]
[White "Gunina, Valentina"]
[Black "Zakhartsov, Vladimir"]
[Result "1/2-1/2"]
[WhiteTitle "GM"]
[BlackTitle "IM"]
[WhiteElo "2502"]
[BlackElo "2462"]
[WhiteFideId "4167570"]
[BlackFideId "4145097"]
[EventDate "2015.12.18"]
[EventType "swiss (blitz)"]

1. d4 Nf6 2. c4 g6 3. Nc3 d5 4. cxd5 Nxd5 5. g3 Bg7 6. Bg2 Nxc3 7. bxc3 c5 8. e3
Nc6 9. f4 O-O 10. Nf3 Bf5 11. O-O Be4 12. Qe2 cxd4 13. cxd4 Qd5 14. Ba3 Rfc8 15.
Rac1 b6 16. Ng5 Bxg2 17. Qxg2 Qxg2+ 18. Kxg2 e6 19. Ne4 Na5 20. Nd6 Rd8 21. Rc7
Bf8 22. Nxf7 Rdc8 23. Rxc8 Rxc8 24. Bxf8 Kxf7 25. Bb4 Rc2+ 26. Rf2 Nc4 27. Kf3
Rc1 28. Bd2 Rc2 29. Be1 Rc1 30. Re2 a5 31. e4 b5 32. g4 Rd1 33. Bf2 a4 34. f5
gxf5 35. exf5 exf5 36. gxf5 b4 37. Bh4 Rd3+ 38. Ke4 Rd2 39. Rxd2 Nxd2+ 40. Kd3
b3 41. axb3 Nxb3 42. Kc3 Nc1 43. Kb4 Ne2 44. d5 Nd4 45. d6 Nc6+ 46. Kxa4 Ke8 47.
Kb5 Kd7 48. Kc5 Ne5 49. Kd5 Nf7 50. Be7 Nh6 51. Ke5 Ng4+ 52. Kd5 Nh6 53. f6 Nf7
54. Ke4 Ke6 55. Kf4 Ne5 56. Kg5 Nf7+ 57. Kh5 Kd7 58. Kg4 Ke6 59. Kf4 Ne5 60. h3
Nf7 61. h4 Ne5 62. Ke4 Nf7 63. Kf4 Ne5 64. h5 Nf7 65. Ke4 Ne5 66. Bf8 Nf7 67.
Kf4 Ne5 68. d7 Nxd7 69. Be7 Nxf6 1/2-1/2

[Event "European Blitz 2015"]
[Site "Minsk BLR"]
[Date "2015.12.18"]
[Round "13.19"]
[White "Konenkin, Dmitry"]
[Black "Landa, Konstantin"]
[Result "1-0"]
[WhiteTitle "FM"]
[BlackTitle "GM"]
[WhiteElo "2243"]
[BlackElo "2625"]
[WhiteFideId "4185781"]
[BlackFideId "4101685"]
[EventDate "2015.12.18"]
[EventType "swiss (blitz)"]

1. d4 d5 2. Bg5 h6 3. Bh4 c5 4. dxc5 g5 5. Bg3 Bg7 6. c3 Na6 7. e4 dxe4 8. Qxd8+
Kxd8 9. Bxa6 bxa6 10. h4 f5 11. hxg5 hxg5 12. Rxh8 Bxh8 13. f4 Rb8 14. Na3 gxf4
15. Bxf4 e5 16. Bg5+ Kc7 17. O-O-O Be6 18. Rd6 Bxa2 19. Rxa6 f4 20. c4 Kb7 21.
Ra5 Kc6 22. Rxa7 Kxc5 23. Bh4 e3 24. Ra5+ Kb4 25. Ra7 Bxc4 26. Be1+ Kb3 27. Rc7
Be6 28. Rc3+ Ka4 29. Rc6 Rc8 30. Rxc8 Bxc8 31. Bc3 Bb7 32. Nf3 Bxf3 33. gxf3 Ne7
34. Nc4 Ng6 35. Kc2 Kb5 36. Nd6+ Kc6 37. Ne4 Nh4 38. Ng5 e4 39. Bxh8 exf3 40.
Kd3 f2 41. Ke2 Nf5 1-0

[Event "European Blitz 2015"]
[Site "Minsk BLR"]
[Date "2015.12.18"]
[Round "13.20"]
[White "Kazakovskiy, Valeriy"]
[Black "Dzhumagaliev, Yan"]
[Result "0-1"]
[WhiteTitle "IM"]
[BlackTitle "FM"]
[WhiteElo "2342"]
[BlackElo "2400"]
[WhiteFideId "13507443"]
[BlackFideId "24100110"]
[EventDate "2015.12.18"]
[EventType "swiss (blitz)"]

1. d4 Nf6 2. Nf3 e6 3. c4 c5 4. d5 b5 5. Bg5 d6 6. e4 b4 7. Nbd2 Be7 8. Bxf6
Bxf6 9. Qc2 O-O 10. Bd3 e5 11. O-O a5 12. Kh1 g6 13. Ng1 a4 14. Rae1 Bg7 15. g3
f5 16. f3 Ra7 17. Rf2 a3 18. b3 Raf7 19. Bf1 Bh6 20. Bh3 Nd7 21. exf5 gxf5 22.
f4 e4 23. Nf1 Bg7 24. Ne3 Bc3 25. Ref1 Bd4 26. Qd2 Nf6 27. Ne2 Qb6 28. Rd1 Bxe3
29. Qxe3 h5 30. Qc1 Qd8 31. Rff1 Rg7 32. Ng1 Kf7 33. Bg2 h4 34. Nh3 hxg3 35.
Ng5+ Kg6 36. hxg3 Rh8+ 37. Kg1 Ng4 38. Bh3 Nf6 39. Kg2 Rh6 40. Rh1 Nh7 41. Ne6
Bxe6 42. dxe6 Nf6 43. Bxf5+ Kxf5 44. Rxh6 Qg8 45. Rh3 Kxe6 46. Qe3 Qf7 47. Rh6
Kd7 48. Rh3 Kc7 49. Qd2 Qe6 50. Qe2 e3 51. Rd3 Qe4+ 52. Kg1 Ng4 53. Rh4 d5 54.
cxd5 c4 55. d6+ Kd8 56. bxc4 Qxc4 57. d7 Qc1+ 58. Kg2 Qc6+ 59. Qf3 Qc2+ 60. Kg1
Qxd3 61. Rh8+ Kxd7 62. Qb7+ Ke6 63. Re8+ Kf6 64. Rf8+ Kg6 65. f5+ Kh7 66. Rf7
Qd1+ 67. Kg2 Qe2+ 68. Kh3 Nf2+ 69. Kg2 Ne4+ 70. Kh3 Ng5+ 71. Kh4 Nxf7 72. f6
Qg4# 0-1

[Event "European Blitz 2015"]
[Site "Minsk BLR"]
[Date "2015.12.18"]
[Round "13.21"]
[White "Romanov, Evgeny"]
[Black "Shkapenko, Pavel"]
[Result "1-0"]
[WhiteTitle "GM"]
[BlackTitle "IM"]
[WhiteElo "2590"]
[BlackElo "2407"]
[WhiteFideId "4148843"]
[BlackFideId "4151933"]
[EventDate "2015.12.18"]
[EventType "swiss (blitz)"]

1. d4 Nf6 2. Nf3 e6 3. c4 Bb4+ 4. Bd2 Qe7 5. g3 Nc6 6. Nc3 Bxc3 7. Bxc3 Ne4 8.
Rc1 d6 9. d5 Nxc3 10. Rxc3 Nb8 11. dxe6 fxe6 12. Bg2 O-O 13. O-O Nd7 14. Nd4 Nf6
15. b4 Kh8 16. Qc2 e5 17. Nf3 Bd7 18. Ng5 Bc6 19. Bxc6 bxc6 20. b5 Qd7 21. Rf3
cxb5 22. cxb5 a6 23. bxa6 Rxa6 24. Rc1 Rfa8 25. Qxc7 Qxc7 26. Rxc7 Rxa2 27. Ne6
R2a7 28. Rc6 d5 29. Nxg7 Kxg7 30. Rfxf6 Ra2 31. e3 d4 32. exd4 exd4 33. Rfd6 Rf8
34. Rc7+ Kg8 35. Rxd4 Raxf2 36. Rdd7 R2f7 37. Rxf7 Rxf7 38. Rxf7 Kxf7 39. Kg2
Kg6 40. Kf3 Kf5 41. h3 h6 42. g4+ Kg5 43. Kg3 Kg6 44. Kf4 Kf6 45. h4 Ke6 46. Ke4
Kf6 47. Kd5 Kf7 48. Ke5 Kg7 49. Ke6 Kg6 50. Ke5 Kg7 51. Kf5 Kf7 52. h5 Kg7 1-0